000 01385cam a22003734i 4500
003 PE-LiUPU
005 20250731184052.0
008 161007s r 000 0 spa d
035 _a(Sirsi) a164047
040 _aPE-LiUPU
_bspa
_cPE-LiUPU
_erda
049 _aPRUA
082 0 4 _a808.8
_bU53
_220
100 1 _aUnamuno, Miguel De,
_eautor.
245 1 3 _aLa tía Tula /
_cMiguel De Unamuno.
264 _aEspaña :
_bEspasa Calpe,
_c2003.
300 _a166 páginas ;
_c21 centímetros
336 _atext
_2rdacontent
337 _aunmediated
_2rdamedia
338 _avolume
_2rdacarrier
504 _aBibliografía : páginas 35-36.
505 0 _aIntroducción de Anna Caballé -- La tía Tula.
526 _aP145
526 _aP127
526 _aP97
526 _aP14
526 _aP07
910 _ajck
_bncf
_cncf
_d20161007
942 _2ddc
_cBOOK
949 _a808.8 U53
_wDEWEY
_c1
_i75092
_lCCODEBUL1
_mBUL
_p11.95
_r0
_sY
_tBOOK
_u2016-10-07
_xEDUCACION
_PP20
_0DONACION
_o.STAFF. Colección Ciencias Humanas y Educación
994 _aC0
_bPEPRU
596 _a1
999 _a808.8 U53
_wDEWEY
_c12903
_i75092
_f2021-11-5
_g4
_lCCODEBUL1
_mBUL
_p11.95
_r0
_sY
_tBOOK
_u2016-10-7
_xBIBLIOTECA
_PP20
_0COMPRA
_o.STAFF. Colección Ciencias Humanas y Educación
_d12903
980 _81
_gALBERTO SANCHEZ Responsable de Automatización